| 000 | 00595nam a2200193 i 4500 | ||
|---|---|---|---|
| 001 | 37902 | ||
| 003 | ES-MaACL | ||
| 005 | 20230906155648.0 | ||
| 007 | t| | ||
| 008 | 030224s1896 fr ||||1| fre d | ||
| 100 | 1 |
_aCahun, Leon. _933452 |
|
| 245 | 1 | 0 |
_aIntroduction a l'histoire de l'Asie _b: turcs et mongols : des origines a 1405 / _cpar Leon Cahun. |
| 260 |
_aCoulommiers : _bPaul Brodard, _c1896. |
||
| 300 |
_aXIII, 519 p. ; _c23 cm. |
||
| 650 | 0 | 4 |
_aMongoles- _xHistoria. _915168 |
| 650 | 4 |
_aTurcos- _xHistoria. _9158585 |
|
| 651 | 4 |
_aAsia- _xHistoria. _97827 |
|
| 852 |
_aES-MaACL _jF-7087 |
||
| 999 |
_c37902 _d37902 |
||